Effective Legal Communiication Skills (Record no. 6169)

MARC details
005 - DATE AND TIME OF LATEST TRANSACTION
control field 20250628190553.0
020 ## - INTERNATIONAL STANDARD BOOK NUMBER
International Standard Book Number 9789987735136
100 ## - MAIN ENTRY--PERSONAL NAME
Author name MSABILA, D.T
245 ## - TITLE STATEMENT
Title Effective Legal Communiication Skills
260 ## - PUBLICATION, DISTRIBUTION, ETC.
Place of publication, distribution, etc. Dar es Salaam
Name of publisher, distributor, etc. Vision Publishing Limited
Date of publication, distribution, etc. 2014
300 ## - PHYSICAL DESCRIPTION
Extent vii, 262p.: ill; tables
Other physical details Bibliography
Dimensions 22cm
942 ## - ADDED ENTRY ELEMENTS (KOHA)
Source of classification or shelving scheme Dewey Decimal Classification
Koha item type Books
Holdings
Date last seen Total checkouts Full call number Barcode Cost, replacement price Price effective from Koha item type Lost status Source of classification or shelving scheme Damaged status Not for loan Withdrawn status Home library Current library Shelving location Date acquired Source of acquisition Cost, normal purchase price
06/28/2025   346.428 MBY0001033 60000.00 06/28/2025 Books   Dewey Decimal Classification       CBE MBEYA CBE MBEYA General Collection 06/28/2025 PURCHASE 20000.00